Lake Michigan/Superior Quiz Stats

 Plays Quiz not verified by Sporcle

Score 0/13 Timer 06:00
0 Plays Today
Hint Answer % Correct
The largest lake of the Great LakesLake Superior
98.3%
The only Great Lake fully on the American side of the borderLake MIchigan
98.3%
The highest populated metropolitan area on Lake MichiganChicago, Illinois
91.7%
The highest populated metropolitan area on Lake SuperiorDuluth, Minnesota
80.2%
The highest populated metropolitan area on the bay previously mentionedGreen Bay
73.6%
The land form which seperates Lake Michigan and Lake SuperiorThe Upper Peninsula of Michigan
72.7%
The largest bay in Lake MichiganGreen Bay
72.7%
The metropolitan area on Lake Michigan where Harley-Davidson was foundedMilwaukee, Wisconsin
66.1%
The bridge which connects Lake Michigan and Lake HuronMackinac Bridge
64.5%
The only metropolitan area above 100 000 on Lake Superior named after a natural occurenceThunder Bay, Ontario
62.8%
The largest island on Lake SuperiorIsle Royale National Park
58.7%
The group of islands in the southwestern part of Lake SuperiorApostle Islands
44.6%
The largest and most populated of the islands in Lake MichiganBeaver Island
44.6%

You're not logged in!

Compare scores with friends on all Sporcle quizzes.
OR
Log In

Show Comments

Extras

Top Quizzes Today


Score Distribution

Your Account Isn't Verified!

In order to create a playlist on Sporcle, you need to verify the email address you used during registration. Go to your Sporcle Settings to finish the process.

Report this User

Report this user for behavior that violates our Community Guidelines.

Details: